ბათუმის შოთა რუსთაველის სახელმწიფო უნივერსიტეტის ბიბლიოთეკა

Сборник договоров с дискетой (ბიბ.ჩანაწერი № 36044)

000 -LEADER
fixed length control field 00635nam a2200229Ia 4500
001 - CONTROL NUMBER
control field 1944
003 - CONTROL NUMBER IDENTIFIER
control field GE_BSU
008 - FIXED-LENGTH DATA ELEMENTS--GENERAL INFORMATION
fixed length control field 181216s||||||||xx |||||||||||||| ||und||
020 ## - INTERNATIONAL STANDARD BOOK NUMBER
International Standard Book Number 9785482015247
040 ## - CATALOGING SOURCE
Transcribing agency GE_BSU
080 ## - UNIVERSAL DECIMAL CLASSIFICATION NUMBER
Universal Decimal Classification number 347.441(083.2)
100 ## - MAIN ENTRY--PERSONAL NAME
Personal name Долженко А.Н. и др.
245 ## - TITLE STATEMENT
Title Сборник договоров с дискетой
250 ## - EDITION STATEMENT
Edition statement Изд. 2-е, перераб. и. доп.
260 ## - PUBLICATION, DISTRIBUTION, ETC.
Place of publication, distribution, etc. Москва
260 ## - PUBLICATION, DISTRIBUTION, ETC.
Name of publisher, distributor, etc. Проспект
260 ## - PUBLICATION, DISTRIBUTION, ETC.
Date of publication, distribution, etc. 2007
300 ## - PHYSICAL DESCRIPTION
Extent 232 стр. 21см.
653 ## - INDEX TERM--UNCONTROLLED
Uncontrolled term Сборник договоров с дискетой
942 ## - ADDED ENTRY ELEMENTS (KOHA)
Koha item type წიგნი
ეგზემპლარები
Withdrawn status Lost status Damaged status Not for loan Date acquired Barcode Date last seen Price effective from Koha item type
        2018-12-17 3779 2018-12-17 2018-12-17 წიგნი